000 00317nam a22001457a 4500
008 230601b ||||| |||| 00| 0 eng d
020 _a9781305105652
041 _aeng
080 _2THIRD EDITION
_a070
082 _a070BIS
100 _a18
101 _aAMD
245 _aSEQUENCES
_cBISSIERE.M
942 _2udc
_cBK
999 _c59904
_d59904